RICS agreement for the creation of an Assured Shorthold Tenancy (England and Wales only) (Record no. 107108)
[ view plain ]
| 000 -LEADER | |
|---|---|
| fixed length control field | 01368cam a22002295a 4500 |
| 001 - CONTROL NUMBER | |
| control field | L138295 |
| 008 - FIXED-LENGTH DATA ELEMENTS--GENERAL INFORMATION | |
| fixed length control field | 070525s2007 xxk f 000 0 eng d |
| 035 ## - SYSTEM CONTROL NUMBER | |
| System control number | (Sirsi) u138295 |
| 041 0# - LANGUAGE CODE | |
| Language code of text/sound track or separate title | eng |
| 050 04 - LIBRARY OF CONGRESS CALL NUMBER | |
| Classification number | 346.4104342 $2 18 |
| 110 2# - MAIN ENTRY--CORPORATE NAME | |
| Corporate name or jurisdiction name as entry element | Royal Institution of Chartered Surveyors |
| Subordinate unit | Residential Property Faculty |
| 9 (RLIN) | 4304 |
| 245 00 - TITLE STATEMENT | |
| Title | RICS agreement for the creation of an Assured Shorthold Tenancy (England and Wales only) |
| Remainder of title | only to be used if the deposit holder is a member of The Dispute Service Ltd (TDS) |
| 260 ## - PUBLICATION, DISTRIBUTION, ETC. | |
| Place of publication, distribution, etc. | London |
| Name of publisher, distributor, etc. | RICS Books |
| Date of publication, distribution, etc. | 2007 |
| 300 ## - PHYSICAL DESCRIPTION | |
| Extent | 3 |
| Type of unit | parts |
| Dimensions | 30cm. |
| 350 ## - PRICE (NR) (BK AM CF MU VM SE) [OBSOLETE] | |
| Price | 9.50 |
| 520 ## - SUMMARY, ETC. | |
| Summary, etc. | Provides a model Assured Shorthold Tenancy which will enable RICS members to meet the requirements of modern relationships between landlords and tenants. The agreement is divided into three parts: the Tenancy Deposit Protection Prescribed Information; the Tenancy Agreement, containing basic terms, individually negotiated terms and standard terms; and a provision to add five schedules covering the property, the contents and their condition, the schedule of condition of the property, the landlord's insurance and an extract of superior lease. |
| 590 ## - LOCAL NOTE (RLIN) | |
| Local note | KA |
| 651 #4 - SUBJECT ADDED ENTRY--GEOGRAPHIC NAME | |
| Geographic name | England and Wales |
| Chronological subdivision | 1543- |
| 690 ## - LOCAL SUBJECT ADDED ENTRY--TOPICAL TERM (OCLC, RLIN) | |
| Topical term or geographic name as entry element | PROPERTY-RESIDENTIAL PROPERTY-RESIDENTIAL LANDLORD AND TENANT-RESIDENTIAL TENANCIES-ASSURED TENANCIES |
| 942 ## - ADDED ENTRY ELEMENTS (KOHA) | |
| Suppress in OPAC | 0 |
| Withdrawn status | Lost status | Source of classification or shelving scheme | Damaged status | Not for loan | Home library | Current library | Shelving location | Date acquired | Total Checkouts | Full call number | Barcode | Date last seen | Copy number | Price effective from | Koha item type | Date last checked out |
|---|---|---|---|---|---|---|---|---|---|---|---|---|---|---|---|---|
| Dewey Decimal Classification | London | London | RICS Boxes | 15/08/2007 | RICS 2007/21 | 30073934 | 06/08/2019 | 1 | 06/08/2019 | Archive | ||||||
| Dewey Decimal Classification | London | London | RICS Boxes | 15/08/2007 | RICS 2007/21 | 30073935 | 06/08/2019 | 2 | 06/08/2019 | Reference material | ||||||
| Dewey Decimal Classification | London | London | RICS Boxes | 15/08/2007 | 2 | RICS 2007/21 | 30073936 | 06/08/2019 | 3 | 06/08/2019 | Book | 12/03/2008 |